The decoy duck
| Main Author: | |
|---|---|
| Format: | Book |
| Published: |
Surrey :
Dragon's World ,
1988
|
| Subjects: |
MARC
| LEADER | 00000cam a2200000 7i4500 | ||
|---|---|---|---|
| 001 | 0000004279 | ||
| 002 | 000004600 | ||
| 005 | 20000330.0 | ||
| 020 | |a 1850280592 | ||
| 090 | 0 | 0 | |a 745.593 |b RID |
| 100 | 1 | |a Ridges, Bob | |
| 245 | 1 | 4 | |a The decoy duck |c Bob Ridges |
| 260 | |a Surrey : |b Dragon's World , |c 1988 | ||
| 300 | |a 191p. : |b illus ; |c 20cm. | ||
| 650 | 0 | 0 | |a Wood-carving |
| 999 | |a 030264 |b BUKU |c PINJAMAN |e PERPUSTAKAAN KOMUNITI PETALING JAYA | ||